000 00646nam a2200241Ia 4500
003 OSt
005 20221005132657.0
006 a|||||r|||| 00| 0
007 ta
008 221004b |||||||| |||| 00| 0 eng d
024 _a50285
037 _cTextual
040 _aCRL
_cCRL
_beng
041 _2eng
_aeng
082 _aT4h251:N22g, H4
110 _aUniversity of Delhi
245 0 _aUniversity code
_b Including the act, statutes,ordinance and regulations(1942-1944)
260 _c1944
650 _aEDUCATION
700 _aUniversity of Delhi
942 _hT4h251:N22g, H4
_cTEXL
_2cc
999 _c1064475
_d1064475